Has To Be This Way (From Metal Gear Rising) - Lyrics - Statistics

General Stats
  • This quiz has been taken 18 times
  • The average score is 70 of 98
Answer Stats
Lyrics % Correct
be
100%
be
100%
has
100%
has
100%
this
100%
to
100%
to
100%
to
100%
to
100%
way
100%
i
93%
i
93%
I
93%
me
93%
the
93%
the
93%
the
93%
the
93%
the
93%
the
93%
but
86%
but
86%
but
86%
end
86%
here
86%
history
86%
in
86%
just
86%
like
86%
make
86%
realize
86%
right
86%
Standing
86%
trying
86%
we
86%
wrong
86%
you
86%
your
86%
your
86%
both
79%
both
79%
is
79%
is
79%
it
79%
violence
79%
violence
79%
breeds
71%
from
71%
judge
71%
same
71%
were
71%
when
71%
whos
71%
agree
64%
blood
64%
blood
64%
down
64%
guard
64%
maybe
64%
nobody
64%
sand
64%
sand
64%
stained
64%
stained
64%
that
64%
think
64%
wasted
64%
will
64%
wrath
64%
and
57%
blame
57%
born
57%
followed
57%
land
57%
life
57%
my
57%
my
57%
path
57%
staring
57%
beneath
50%
beneath
50%
burned
50%
carve
50%
have
50%
own
50%
across
43%
barren
43%
Yet
43%
I've
43%
many
43%
new
43%
our
43%
so
43%
turned
43%
world
43%
or
36%
felt
0%
stairng
0%
No matching quizzes found
Score Distribution
Percent of People with Each Score
Percentile by Number Answered
Your Score History
You have not taken this quiz